Zobrazenie elektrického poľa srdca pomocou znakových máp

Podrobná bibliografia
Hlavní autori: Slavkovský, Peter, 1954- (Autor), Hulín, Ivan, 1938- (Autor)
Médium: Článok
Jazyk:slovenčina
Fyzický popis:Obr. 7. Tb. 4. Res. rus., angl., nem., lit. 4 zázn. v slov., angl.
Predmet:

MARC

LEADER 00000nab a2200000 a 4500
001 vtls000217360
003 SK-MaSNL
005 20260304063926.0
008 250422c1985 xo 0 slo
015 |a SNBRB19rr/mm-uuuuu 
035 |a CL0227474 
035 |a urn:nbn:sk:snk-ab5rx 
035 |a (urnnbn)urn:nbn:sk:snk:ar-a03bom 
035 |a (uuid)9c04bb40-08b0-49c9-bd4f-f39af89ef0cd 
040 |a SNKBUCL  |b slo  |c SNKBUCL  |e AACR2 
041 0 |a slo 
044 |a xo  |c SK 
080 |a 612.17  |2 1981 
080 |a 616.12-073.97  |2 1981 
080 |a 681.3  |2 1981 
100 1 |a Slavkovský, Peter,  |d 1954-  |4 aut  |9 467988 
245 1 0 |a Zobrazenie elektrického poľa srdca pomocou znakových máp  |c Peter Slavkovský, Ivan Hulín 
300 |b Obr. 7. Tb. 4. Res. rus., angl., nem., lit. 4 zázn. v slov., angl. 
650 0 7 |a srdce  |2 snkbucl  |9 13574 
650 0 7 |a elektrokardiológia  |2 snkbucl  |9 283208 
655 7 |a články z novín a časopisov  |2 snkbucl  |9 267496 
700 1 |a Hulín, Ivan,  |d 1938-  |4 aut  |9 196653 
773 0 |t Bratislavské lekárske listy  |g Roč. 83, č. 5 (1985), s. 530-542 
850 |a Slovenská národná knižnica 
852 |a Slovenská národná knižnica 
954 |a odborná, vedecká literatúra pôvodná (slovenská)  |2 lita 
958 |a article27 
958 |a NB 
958 |a RK 
958 |a MI 
958 |a OND 
958 |a EUIPO 
992 |a RBX 
999 |c 2744545  |d 2746475